000 00681nam a2200217Ii 4500
003 JO-AjNU
008 230605s9999||||xx |||||||||||||| ||und||
017 _a84/5560
020 _a977-020-1060-9
040 _aJO-AjNU
_bara
_erda
_cJO-AjNU
041 _aara
050 1 4 _aRC454.A2288 1984
100 3 _aغازي، عبد المنصف,
_eauthor
_937236
245 0 0 _aالامراض النفسجسمية السكوسوماتية
264 3 1 _aالقاهرة:دار المعارف ، 1961
300 _a95ص
336 _atext
_btxt
_2rdacontent
337 _aunmediated
_bn
_2rdamedia
338 _avolume
_bnc
_2rdacarrier
650 4 _aالامراض النفسية
_937237
999 _aA15540
_c19108
_d19108